[Event "Leitersdorf Region-ch"]
[Site "Leitersdorf"]
[Date "2015.01.03"]
[Round "2"]
[White "Deutscher, Jakob"]
[Black "Prem, Dominik"]
[Result "0-1"]
[WhiteElo "1406"]
[BlackElo "1797"]
[PlyCount "50"]
[EventDate "2015.01.02"]
[EventType "swiss"]
[EventRounds "5"]
[EventCountry "AUT"]
[SourceTitle "CBM 164 Extra"]
[Source "ChessBase"]
[SourceDate "2015.03.02"]
[SourceVersion "1"]
[SourceVersionDate "2015.03.02"]
[SourceQuality "1"]

1. e4 c5 2. Nf3 e6 3. d4 cxd4 4. Nxd4 Nc6 5. Nc3 Qb6 6. Nb3 Nf6 7. Be3 Qc7 8. a3 Be7 9. Be2 0-0 10. 0-0 d6 11. f4 Bd7 12. Bf3 Na5 13. Nxa5 Qxa5 14. Qe1 Bc6 15. Rd1 Qc7 16. Qg3 Rfd8 17. e5 Nd7 18. exd6 Bxd6 19. Ne4 Bxe4 20. Bxe4 Nf6 21. Bd3 Nd5 22. Qh3 Nxe3 23. Qxe3 Bc5 24. Bxh7+ Kxh7 25. Rxd8 Bxe3+ 0-1